Induló vállalkozás arculatterve

Elmentve itt :
Bibliográfiai részletek
Szerző: Kiss Norbert
További közreműködők: Kiss Ferenc (Témavezető)
Dokumentumtípus: Szakdolgozat
Megjelent: 2019
Tárgyszavak:
Online Access:http://diploma.bibl.u-szeged.hu/90756
LEADER 00707nta a2200193 i 4500
001 dipl90756
005 20200619113340.0
008 200619s2019 hu om 0|| zxx d
040 |a SZTE Diploma Repozitórium  |b hun 
041 |a zxx 
100 1 |a Kiss Norbert 
245 1 0 |a Induló vállalkozás arculatterve  |h [elektronikus dokumentum] /  |c Norbert Kiss 
246 1 0 |a Corporate identity design for a Falatka Catering Company  |h [elektronikus dokumentum] 
260 |c 2019 
650 4 |a Pedagógusképzés 
650 4 |a Arts, art history 
650 4 |a Visual arts, performing arts, design 
700 1 |a Kiss Ferenc  |e ths 
856 4 0 |u http://diploma.bibl.u-szeged.hu/id/eprint/90756/1/2019_kiss_norbert.pdf  |z Dokumentum-elérés